000 00820nas a2200253Ia 4500
001 R039/44332
003 IT-RoPAU
008 151124c99999999xx |||||||||||| ||und||
040 _aIT-RoPAU
040 _cIT-RoPAU
041 _aITALIANO
100 _aTurroni Giuseppe
_gCodice Aut. SPICS: 294
210 _aVIETATO FUMARE
222 _aVietato Fumare
245 _aVIETATO FUMARE, ANNO 2-N.2 (FEBBRAIO 1985)
_bGerard Depardieu Cosi' Moderno, Cosi' Francese
250 _a1a ed.
260 _aMILANO
_bDO-SOUL EDIZIONI
_c1985
501 _bPaulus - SPICS - Società San Paolo EM (non-commercial uses only)
_cCopyright2015
300 _a2 p. [66-67]
362 _aANNO 002, N.02 (FEBBRAIO 1985)
500 _aRitratto del Grande Attore Francese.
650 _aCINEMA
_vPUBBLICAZIONE PERIODICA
942 _cCR
999 _c111220
_d111220